History Quiz

Random History or Clickable Quiz

18th Century Click-in-the-Blank Quiz Stats

 Plays Quiz Updated Apr 28, 2018

Challenge
Share
Tweet
Embed
Score 0/30 Timer 06:00
0 Plays Today
% Correct
Boston
96.8%
Catherine
95.1%
Fuji
95.1%
Thermometer
94.3%
James
93.2%
Terror
92.7%
Sense
92.3%
Stradivari
90.4%
Confederation
89.1%
Wealth
87.8%
Java
87.5%
Figaro
87.1%
Spanish
86.3%
Kant
85.9%
Innocence
85.2%
% Correct
Social
82.9%
Earthquake
82.1%
Burke
80.5%
Voltaire
80.3%
South
78.6%
Charlie
78%
Jack
77.9%
Túpac
76.6%
Wedgwood
75.5%
Pugachev
75.1%
Hume
74.5%
Louverture
72.7%
Ear
70.8%
Jenny
70.4%
Potemkin
65.6%

You're not logged in!

Compare scores with friends on all Sporcle quizzes.
Join for Free
OR
Log In

You Might Also Like...

Show Comments

Extras

Top Quizzes Today


Score Distribution

Your Account Isn't Verified!

In order to create a playlist on Sporcle, you need to verify the email address you used during registration. Go to your Sporcle Settings to finish the process.

Report this User

Report this user for behavior that violates our Community Guidelines.

Details: